Central Library OPAC University of Rajshahi

The Concise Oxford dictionary of English literature. (Record no. 76794)

MARC details
000 -LEADER
fixed length control field 00958nam a2200277 a 4500
001 - CONTROL NUMBER
control field 76794
003 - CONTROL NUMBER IDENTIFIER
rucl marc code BD-RjUL
005 - DATE AND TIME OF LATEST TRANSACTION
control field 20211209082905.0
008 - FIXED-LENGTH DATA ELEMENTS--GENERAL INFORMATION
fixed length control field 200120r19541939enk 00000 eng d
035 ## - SYSTEM CONTROL NUMBER
System control number (BD-RjUL)
System control number 2740575
040 ## - CATALOGING SOURCE
Original cataloging agency ANL
Language of cataloging eng
Transcribing agency ANL
Modifying agency BD-RjUL
041 ## - LANGUAGE CODE
Language code of text/sound track or separate title eng
082 0# - DEWEY DECIMAL CLASSIFICATION NUMBER
Edition number 20
Classification number 820.3
Author mark and year CON 1954
245 04 - TITLE STATEMENT
Title The Concise Oxford dictionary of English literature.
260 ## - PUBLICATION, DISTRIBUTION, ETC. (IMPRINT)
Place of publication, distribution, etc. Oxford :
Name of publisher, distributor, etc. At the Clarendon Press,
Date of publication, distribution, etc. 1939 [reprinted 1954]
300 ## - PHYSICAL DESCRIPTION
Pagination 567 p. ;
Size 18 cm.
500 ## - GENERAL NOTE
General note Based on Sir Paul Harvey's Oxford Companion to English literature, first published in 1932 ... --Preface.
650 #0 - SUBJECT ADDED ENTRY--TOPICAL TERM
Topical term or geographic name as entry element American literature
General subdivision Bio-bibliography.
9 (RLIN) 237926
Topical term or geographic name as entry element American literature
General subdivision Dictionaries.
9 (RLIN) 237927
Topical term or geographic name as entry element English literature
General subdivision Bio-bibliography.
9 (RLIN) 237928
Topical term or geographic name as entry element English literature
General subdivision Dictionaries.
9 (RLIN) 237929
700 1# - ADDED ENTRY--PERSONAL NAME
Personal name Harvey, Paul,
Dates associated with a name 1869-1948.
942 ## - ADDED ENTRY ELEMENTS (KOHA)
Source of classification or shelving scheme Dewey Decimal Classification
Koha item type Books
Holdings
Lost status Source of classification or shelving scheme Damaged status Not for loan Collection code Permanent Location Current Location Shelving location Date acquired Source of acquisition Cost, normal purchase price Total Checkouts Full call number Date last seen Copy number Koha item type
  Dewey Decimal Classification     Non-fiction Central Library, University of Rajshahi Central Library, University of Rajshahi   18/11/1957 Oxford University Press 12.90   820.3 CON 1954 20/01/2020 C-2 Books
  Dewey Decimal Classification   Not For Loan Non-fiction Central Library, University of Rajshahi Central Library, University of Rajshahi Reading Room 19/01/1955 M. B. P. 7.13   820.3 CON 1954 20/01/2020 C-1 Books